Description of tax bills scheduled for a hearing before the Subcommittee on Select Revenue Measures of the Committee on Ways and Means on March 24, 1980 /

Bibliographic Details
Corporate Authors: United States. Congress. Joint Committee on Taxation, ProQuest (Firm), United States. Congress. House. Committee on Ways and Means, United States. Congress. House. Committee on Ways and Means. Subcommittee on Select Revenue Measures
Format: Government Document eBook
Language:English
Published: Washington : U.S. Govt. Print. Off, 1980.
Series:U.S. Congressional Research.
Subjects:
Online Access:Connect to the full text of this electronic book

MARC

Tag First Indicator Second Indicator Subfields
LEADER 00000cam a22000001a 4500
001 in00003271221
006 m d f
007 cr bn mmmapmmp
008 101011s1980 dcu o f000 0 eng d
005 20260429173747.1
035 |a cis2007812883 
040 |a LexisNexis  |c LexisNexis  |d UtOrBLW 
043 |a n-us--- 
074 |a 1002 
086 0 |a Y 4.T 19/4:T 19/21 
099 |a CMP-1980-WAM-0017 
110 1 |a United States.  |b Congress.  |b Joint Committee on Taxation. 
245 1 0 |a Description of tax bills scheduled for a hearing before the Subcommittee on Select Revenue Measures of the Committee on Ways and Means on March 24, 1980 /  |c prepared for the use of the Committee on Ways and Means by the staff of the Joint Committee on Taxation. 
264 1 |a Washington :  |b U.S. Govt. Print. Off,  |c 1980. 
300 |a 1 online resource. 
336 |a text  |b txt  |2 rdacontent 
337 |a computer  |b c  |2 rdamedia 
338 |a online resource  |b cr  |2 rdacarrier 
500 |a Record is based on bibliographic data in LexisNexis U.S. Congressional Research Digital Collection. Reuse except for individual research requires license from LexisNexis. 
500 |a Electronic resource. 
650 0 |a Taxation  |x Law and legislation  |z United States. 
655 7 |a Electronic books.  |2 local 
710 2 |a ProQuest (Firm) 
710 1 |a United States.  |b Congress.  |b House.  |b Committee on Ways and Means. 
710 1 |a United States.  |b Congress.  |b House.  |b Committee on Ways and Means.  |b Subcommittee on Select Revenue Measures. 
776 0 8 |i Print version:   |a United States. Congress. Joint Committee on Taxation.  |t Description of tax bills scheduled for a hearing before the Subcommittee on Select Revenue Measures of the Committee on Ways and Means on March 24, 1980  |w gp 80022913  |w (OCoLC)06538349 
776 0 8 |i Microfiche version:   |a United States. Congress. Joint Committee on Taxation.  |t Description of tax bills scheduled for a hearing before the Subcommittee on Select Revenue Measures of the Committee on Ways and Means on March 24, 1980  |d [Bethesda, Md.] : LexisNexis Academic & Library Solutions,1980.   |o CIS 80 H782-16  |w (LexisNexis)cis08001680 
830 0 |a U.S. Congressional Research. 
856 4 0 |u http://proxy.library.tamu.edu/login?url=https://congressional.proquest.com/congcomp/getdoc?CRDC-ID=CMP-1980-WAM-0017  |z Connect to the full text of this electronic book  |t 0 
998 |a cis08001680 
999 |a MARS 
999 f f |s 14d122af-e9f3-3276-b2a7-bb38b9a176d1  |i 00fb1128-6dc4-3a1d-a997-c0ad6df76f30  |t 0 
952 f f |a Texas A&M University  |b College Station  |c Electronic Resources  |s www_evans  |d Available Online  |t 0  |e CMP-1980-WAM-0017  |h Other scheme 
998 f f |a CMP-1980-WAM-0017  |t 0  |l Available Online